A Textbook of electrical technology (Record no. 194)
[ view plain ]
| 000 -LEADER | |
|---|---|
| Fixed length control field | 00502nam a2200193 4500 |
| 003 - CONTROL NUMBER IDENTIFIER | |
| Control field | SEACOMMC |
| 005 - DATE AND TIME OF LATEST TRANSACTION | |
| Control field | 20231013044756.0 |
| 008 - FIXED-LENGTH DATA ELEMENTS--GENERAL INFORMATION | |
| Fixed length control field | 231013b |||||||| |||| 00| 0 eng d |
| 020 ## - INTERNATIONAL STANDARD BOOK NUMBER / ISBN | |
| Price | Rs. 325.00 |
| 040 ## - CATALOGING SOURCE | |
| Original cataloging agency | SEACOMMC |
| 082 ## - DEWEY DECIMAL CLASSIFICATION NUMBER | |
| Classification number | 621.3 |
| Book Number | THE |
| 100 1# - MAIN ENTRY--PERSONAL NAME | |
| Personal name | Theraja, B.L. |
| 245 12 - TITLE STATEMENT | |
| Title | A Textbook of electrical technology |
| Statement of responsibility | B.L. Theraja and A.K. Theraja |
| 260 ## - IMPRINT | |
| Place of publication | New Delhi |
| Name of publisher | S. Chand |
| Date of publication | 2006 |
| 650 ## - SUBJECT ADDED ENTRY--TOPICAL TERM | |
| Topical term | Engineering |
| 650 ## - SUBJECT ADDED ENTRY--TOPICAL TERM | |
| Topical term | Applied physics |
| 700 1# - ADDED ENTRY--PERSONAL NAME | |
| Personal name | Theraja, A.K. |
| 942 ## - ADDED ENTRY ELEMENTS (KOHA) | |
| Koha item type | Books |
No items available.
